<?xml version="1.0" encoding="UTF-8"?>
<record
    xmlns:xsi="http://www.w3.org/2001/XMLSchema-instance"
    xsi:schemaLocation="http://www.loc.gov/MARC21/slim http://www.loc.gov/standards/marcxml/schema/MARC21slim.xsd"
    xmlns="http://www.loc.gov/MARC21/slim">

  <leader>00310nam a2200121Ia 4500</leader>
  <controlfield tag="008">191201s2004    xx            000 0 und d</controlfield>
  <datafield tag="100" ind1=" " ind2=" ">
    <subfield code="a">AGGARWAL, K C</subfield>
  </datafield>
  <datafield tag="245" ind1=" " ind2="0">
    <subfield code="a">Hamare Sapno Ke Bharat Ka Nirman</subfield>
  </datafield>
  <datafield tag="260" ind1=" " ind2=" ">
    <subfield code="a">Noida</subfield>
    <subfield code="b">Knowledge Books Inco.</subfield>
    <subfield code="c">2004</subfield>
  </datafield>
  <datafield tag="300" ind1=" " ind2=" ">
    <subfield code="a">404</subfield>
  </datafield>
  <datafield tag="650" ind1=" " ind2=" ">
    <subfield code="a">General Books</subfield>
  </datafield>
  <datafield tag="942" ind1=" " ind2=" ">
    <subfield code="2">ddc</subfield>
    <subfield code="c">BK</subfield>
  </datafield>
  <datafield tag="999" ind1=" " ind2=" ">
    <subfield code="c">2470</subfield>
    <subfield code="d">2470</subfield>
  </datafield>
  <datafield tag="952" ind1=" " ind2=" ">
    <subfield code="0">0</subfield>
    <subfield code="1">0</subfield>
    <subfield code="2">ddc</subfield>
    <subfield code="4">0</subfield>
    <subfield code="7">0</subfield>
    <subfield code="8">IKS</subfield>
    <subfield code="a">PIET</subfield>
    <subfield code="b">PIET</subfield>
    <subfield code="c">R02</subfield>
    <subfield code="d">2007-03-15</subfield>
    <subfield code="e">SNEH PRAKSHAN</subfield>
    <subfield code="g">390.00</subfield>
    <subfield code="k">SP/2006/332</subfield>
    <subfield code="l">0</subfield>
    <subfield code="o">954 AGH</subfield>
    <subfield code="p">5243</subfield>
    <subfield code="r">2019-12-04 00:00:00</subfield>
    <subfield code="w">2006-10-08</subfield>
    <subfield code="y">REF</subfield>
    <subfield code="z">History and Culture</subfield>
  </datafield>
  <datafield tag="952" ind1=" " ind2=" ">
    <subfield code="0">0</subfield>
    <subfield code="1">0</subfield>
    <subfield code="2">ddc</subfield>
    <subfield code="4">0</subfield>
    <subfield code="7">0</subfield>
    <subfield code="8">IKS</subfield>
    <subfield code="a">PIET</subfield>
    <subfield code="b">PIET</subfield>
    <subfield code="c">R02</subfield>
    <subfield code="d">2007-03-15</subfield>
    <subfield code="e">SNEH PRAKSHAN</subfield>
    <subfield code="g">390.00</subfield>
    <subfield code="k">SP/2006/332</subfield>
    <subfield code="l">0</subfield>
    <subfield code="o">954 AGH</subfield>
    <subfield code="p">5244</subfield>
    <subfield code="r">2019-12-04 00:00:00</subfield>
    <subfield code="w">2006-10-08</subfield>
    <subfield code="y">REF</subfield>
    <subfield code="z">History and Culture</subfield>
  </datafield>
  <datafield tag="952" ind1=" " ind2=" ">
    <subfield code="0">0</subfield>
    <subfield code="1">0</subfield>
    <subfield code="2">ddc</subfield>
    <subfield code="4">0</subfield>
    <subfield code="7">0</subfield>
    <subfield code="8">IKS</subfield>
    <subfield code="a">PIET</subfield>
    <subfield code="b">PIET</subfield>
    <subfield code="c">R02</subfield>
    <subfield code="d">2007-03-15</subfield>
    <subfield code="e">SNEH PRAKSHAN</subfield>
    <subfield code="g">390.00</subfield>
    <subfield code="k">SP/2006/332</subfield>
    <subfield code="l">0</subfield>
    <subfield code="o">954 AGH</subfield>
    <subfield code="p">5245</subfield>
    <subfield code="r">2019-12-04 00:00:00</subfield>
    <subfield code="w">2006-10-08</subfield>
    <subfield code="y">REF</subfield>
    <subfield code="z">History and Culture</subfield>
  </datafield>
  <datafield tag="952" ind1=" " ind2=" ">
    <subfield code="0">0</subfield>
    <subfield code="1">0</subfield>
    <subfield code="2">ddc</subfield>
    <subfield code="4">0</subfield>
    <subfield code="7">0</subfield>
    <subfield code="8">IKS</subfield>
    <subfield code="a">PIET</subfield>
    <subfield code="b">PIET</subfield>
    <subfield code="c">R02</subfield>
    <subfield code="d">2007-03-15</subfield>
    <subfield code="e">SNEH PRAKSHAN</subfield>
    <subfield code="g">390.00</subfield>
    <subfield code="k">SP/2006/332</subfield>
    <subfield code="l">0</subfield>
    <subfield code="o">954 AGH</subfield>
    <subfield code="p">5246</subfield>
    <subfield code="r">2019-12-04 00:00:00</subfield>
    <subfield code="w">2006-10-08</subfield>
    <subfield code="y">REF</subfield>
    <subfield code="z">History and Culture</subfield>
  </datafield>
  <datafield tag="952" ind1=" " ind2=" ">
    <subfield code="0">0</subfield>
    <subfield code="1">0</subfield>
    <subfield code="2">ddc</subfield>
    <subfield code="4">0</subfield>
    <subfield code="7">0</subfield>
    <subfield code="8">IKS</subfield>
    <subfield code="a">PIET</subfield>
    <subfield code="b">PIET</subfield>
    <subfield code="c">R02</subfield>
    <subfield code="d">2007-03-15</subfield>
    <subfield code="e">SNEH PRAKSHAN</subfield>
    <subfield code="g">390.00</subfield>
    <subfield code="k">SP/2006/332</subfield>
    <subfield code="l">0</subfield>
    <subfield code="o">954 AGH</subfield>
    <subfield code="p">5247</subfield>
    <subfield code="r">2019-12-04 00:00:00</subfield>
    <subfield code="w">2006-10-08</subfield>
    <subfield code="y">REF</subfield>
    <subfield code="z">History and Culture</subfield>
  </datafield>
</record>
